000 00980cam a2200313 4500
001 5049
005 20250618153505.0
008 790309t19751962maua j 000 1 eng
010 _a 78325248
020 _a9781405206310
041 1 _aeng
_hfre
042 _alcac
082 _aFIC 823.8 LON
100 0 _aLongsdale-Cooper, Leslie.
240 1 0 _aTintin au Tibet.
_lEnglish
245 1 0 _aThe adventures of Tintin :
_bTintin in Tibet.
250 _a1st American ed.
260 _aLondon :
_bEgmont,
_c2012.
300 _a62 p. :
_bcol. ill. ;
_c30 cm.
500 _a""An Atlantic Monthly Press book.""
500 _aTranslation of Tintin au Tibet.
520 _aTintin searches the mountains of Nepal and Tibet for his friend, victim of an airplane crash.
650 1 _aCartoons and comics.
650 1 _aFriendship
_vFiction.
651 1 _aNepal
_vFiction.
651 1 _aTibet Autonomous Region (China)
_vFiction.
800 0 _aTurner, Michael.
942 _2ddc
_cFIC
999 _c4219
_d4219